[Event "It (open)"]
[Site "masterchessopen.com - Katowice (Poland)"]
[Round "1"]
[White "Voigt Ingo (GER)"]
[Black "Yuferov Sergey N (RUS)"]
[Result "1-0"]
[WhiteElo "2061"]
[BlackElo "2415"]

1.d4 Nf6 2.c4 e6 3.g3 c5 4.d5 exd5 5.cxd5 d6 6.Nc3 g6 7.Nf3 Bg7 8.Bg2 O-O
9.Nd2 b6 10.O-O Ba6 11.a4 Ne8 12.Re1 Nd7 13.Nde4 Ndf6 14.Qc2 Nxe4 15.Nxe4 Nc7
16.Bf4 Nxd5 17.Bxd6 Re8 18.Rad1 Nb4 19.Qb3 Qc8 20.Bf4 Qe6 21.Qxe6 fxe6 22.Nd6
Bxb2 23.Nxe8 Rxe8 24.Rd7 Bc3 25.Rc1 Bf6 26.Rxa7 Bxe2 27.Be3 Nd5 28.a5 bxa5
29.Bxc5 Bd8 30.Bd4 Ne7 31.Bc3 Nc8 32.Rg7+ Kf8 33.Rxh7 Nd6 34.Bc6 {#r} 1-0

[Event "Ch Russia (1/2 final)"]
[Site "masterchessopen.com - Lipetsk (Russia)"]
[Round "0"]
[White "Kandyba L (RUS)"]
[Black "Slonimskij Arkadij (RUS)"]
[Result "1-0"]
[WhiteElo "2367"]
[BlackElo "2174"]

1.d4 Nf6 2.c4 e6 3.g3 c5 4.d5 exd5 5.cxd5 d6 6.Nc3 g6 7.Bg2 Bg7 8.Nf3 O-O
9.O-O a6 10.a4 Re8 11.h3 Ne4 12.Nxe4 Rxe4 13.Nd2 Rb4 14.Ra2 b5 15.axb5 Nd7
16.Qc2 Nb6 17.bxa6 Rxa6 18.b3 Bb7 19.Rxa6 Bxa6 20.Re1 c4 21.bxc4 Nxc4 22.Nxc4
Rxc4 23.Qa2 Qb6 24.Be3 Qb7 25.Rb1 Qc8 {#r} 1-0

[Event "It (open)"]
[Site "masterchessopen.com - Massy (France)"]
[Round "7"]
[White "Lacrosse Marc (BEL)"]
[Black "Iasoni Robert (FRA)"]
[Result "1-0"]
[WhiteElo "2250"]
[BlackElo "2135"]

1.d4 Nf6 2.c4 c5 3.d5 e6 4.Nc3 exd5 5.cxd5 d6 6.Nf3 g6 7.g3 Bg7 8.Bg2 O-O
9.O-O Na6 10.h3 Nc7 11.a4 Rb8 12.Nd2 b6 13.Re1 Qe7 14.e4 Ba6 15.Nf3 Nd7 16.Bf4
f6 17.Kh2 Ne5 18.Nxe5 fxe5 19.Be3 Qd7 20.Qd2 Bc8 21.Bf1 a6 22.Reb1 b5 23.axb5
Nxb5 24.Nxb5 axb5 25.Ra5 b4 26.b3 Rf7 27.Rba1 Qe8 28.Ra8 Rfb7 29.Rxb8 Rxb8
30.Ra7 Bd7 31.Qa2 Bb5 32.Bxb5 Qxb5 33.Rc7 Qb6 34.Rc6 Qd8 35.Qa7 Ra8 36.Rxd6
{#r} 1-0

[Event "Ch Netherlands (team)"]
[Site "masterchessopen.com - Netherlands"]
[Round "0"]
[White "Sosonko Gennadi (NED)"]
[Black "Blees Albert (NED)"]
[Result "1-0"]
[WhiteElo "2525"]
[BlackElo "2415"]

1.d4 Nf6 2.c4 e6 3.g3 c5 4.d5 exd5 5.cxd5 d6 6.Nc3 g6 7.Bg2 Bg7 8.Nf3 O-O
9.O-O Na6 10.Nd2 Nc7 11.Nc4 Nh5 12.a4 f5 13.Bf3 f4 14.Ne4 fxg3 15.hxg3 Bh3
16.Re1 Ne8 17.Ng5 Qd7 18.Ne6 Rf7 19.Ra3 Nef6 20.Ng5 Rff8 21.Nxd6 Qxd6 22.Nxh3
Rae8 23.Ng5 Nd7 24.Bxh5 gxh5 25.Ne6 Rf7 26.e4 h4 27.Qh5 Bf6 28.Rf3 Ree7 29.Bg5
hxg3 30.Rxg3 Kh8 31.e5 Bxe5 32.Bxe7 Rxe7 33.Rg2 Bf6 34.Re3 Ne5 35.Reg3 Qb8
36.Qf5 Rf7 37.d6 Qc8 38.Ng5 {#r} 1-0

[Event "Staatsliga B South 1993/94"]
[Site "masterchessopen.com - Austria"]
[Round "0"]
[White "Kiss Attila (HUN)"]
[Black "Lazarev Vladimir (FRA)"]
[Result "0-1"]
[WhiteElo "2358"]
[BlackElo "2445"]

1.d4 Nf6 2.c4 c5 3.d5 e6 4.Nc3 exd5 5.cxd5 d6 6.Nf3 g6 7.g3 Bg7 8.Bg2 O-O
9.O-O Na6 10.h3 Re8 11.Nd2 Nc7 12.Nc4 b5 13.Nxd6 Qxd6 14.Bf4 Qb6 15.d6 Ne6
16.Bxa8 Nxf4 17.gxf4 Bxh3 18.Bg2 Bxg2 19.Kxg2 b4 20.Na4 Qc6+ 21.Kg1 Qd7 22.e3
Qh3 23.d7 Rd8 24.f3 Qg3+ 25.Kh1 Rxd7 26.Qe2 Rd5 27.Qg2 Rh5+ 28.Kg1 Qh4 29.Rad1
Nd5 30.Rfe1 Bd4 31.exd4 Nxf4 32.Re4 Rg5 33.Rxf4 Qxf4 34.Nxc5 Qe3+ {#R} 0-1

[Event "Tournament (team)"]
[Site "masterchessopen.com - Baden-Wuerttemberg (Germany)"]
[Round "0"]
[White "Weiss Thomas (GER)"]
[Black "Gritsch Gabriel (GER)"]
[Result "0-1"]
[WhiteElo "2213"]
[BlackElo "2138"]

1.d4 Nf6 2.Nf3 g6 3.c4 Bg7 4.Nc3 O-O 5.g3 c5 6.d5 e6 7.Bg2 exd5 8.cxd5 d6
9.O-O Na6 10.Nd2 Rb8 11.Nb5 Nc7 12.a4 Nxb5 13.axb5 Bd7 14.Qb3 Qb6 15.Nc4 Qxb5
16.Qxb5 Bxb5 17.Nxd6 Bxe2 18.Re1 Ba6 19.Be3 Nd7 20.Rab1 Rbd8 21.b4 cxb4
22.Bxa7 b6 23.Rbc1 b3 24.Bf1 Bxf1 25.Kxf1 b2 26.Rc6 Ra8 27.Rc7 Nc5 28.Rb1 Be5
{#R} 0-1

[Event "It (open) \"]
[Site "masterchessopen.com - Berlin (Germany)"]
[Round "0"]
[White "Gleizerov Evgeny (RUS)"]
[Black "Moiseev Viktor (RUS)"]
[Result "1-0"]
[WhiteElo "2520"]
[BlackElo "2414"]

1.d4 Nf6 2.c4 c5 3.d5 e6 4.Nc3 exd5 5.cxd5 d6 6.g3 g6 7.Bg2 Bg7 8.Nf3 O-O
9.O-O a6 10.a4 Nbd7 11.Bf4 Qe7 12.h3 Rb8 13.e4 h6 14.Rb1 g5 15.Bd2 Ne8 16.Re1
Nc7 17.Qc2 b5 18.axb5 Nxb5 19.Nxb5 Rxb5 20.b4 cxb4 21.Bxb4 Re8 22.Qd2 Qf6
23.Rbc1 Ne5 24.Nxe5 Qxe5 25.Rc7 Qf6 26.Rc6 Bb7 27.Rxd6 Qd4 28.Qxd4 Bxd4 29.Bd2
Rb2 30.Be3 Be5 31.Rb6 Rxb6 32.Bxb6 Rc8 33.Rd1 {#r} 1-0

[Event "Ch Germany (juniors) (under 20) (team)"]
[Site "masterchessopen.com - Bonn (Germany)"]
[Round "1"]
[White "Roeber Bjoern (GER)"]
[Black "Meissner Bernd-Guenther (GER)"]
[Result "1-0"]
[WhiteElo "2312"]
[BlackElo "2385"]

1.d4 Nf6 2.c4 c5 3.d5 e6 4.Nc3 exd5 5.cxd5 d6 6.g3 g6 7.Bg2 Bg7 8.Nf3 O-O
9.O-O Na6 10.Nd2 Nc7 11.Nc4 Nfe8 12.a4 b6 13.Qc2 Rb8 14.b3 b5 15.Na5 Bd7
16.axb5 Nxb5 17.Bd2 Qc7 18.e3 Nf6 19.Nxb5 Rxb5 20.Bc3 Rfb8 21.Rfe1 Ne8 22.Ra3
Bxc3 23.Qxc3 Rb4 24.Nc6 Bxc6 25.dxc6 R4b6 26.Rea1 a5 27.Rxa5 Rxb3 28.Qc4 Rb1+
29.Rxb1 Rxb1+ 30.Bf1 Qb6 31.Ra6 Qc7 32.Qa2 Qc8 33.Ra7 Nc7 34.Qa5 Rb2 35.Qxc7
Qf5 36.Qxf7+ {#r} 1-0

[Event "It (open) \"]
[Site "masterchessopen.com - Buenos Aires (Argentina)"]
[Round "3"]
[White "Pereyra Arcija Diego (ARG)"]
[Black "Najleti Ezequiel (ARG)"]
[Result "1-0"]
[WhiteElo "2385"]
[BlackElo "2159"]

1.d4 Nf6 2.Nf3 e6 3.c4 c5 4.d5 exd5 5.cxd5 d6 6.Nc3 g6 7.g3 Bg7 8.Bg2 O-O
9.O-O a6 10.a4 Nbd7 11.Bf4 Qe7 12.e4 Ng4 13.Nd2 Nge5 14.Qe2 Rb8 15.Be3 Nb6
16.b3 g5 17.f4 gxf4 18.gxf4 Ng6 19.Qf2 f5 20.e5 Bxe5 21.fxe5 f4 22.e6 fxe3
23.Qxe3 Bd7 24.Qg3 Rxf1+ 25.Rxf1 Be8 26.a5 Nc8 27.Nde4 b6 28.Nf6+ Kh8 29.h4
{#r} 1-0

[Event "Ch France (accession)"]
[Site "masterchessopen.com - Chambery (France)"]
[Round "6"]
[White "Amato Roger (FRA)"]
[Black "Derieux Christian (FRA)"]
[Result "1-0"]
[WhiteElo "2180"]
[BlackElo "2025"]

1.d4 Nf6 2.c4 c5 3.d5 e6 4.Nc3 exd5 5.cxd5 d6 6.Nf3 g6 7.g3 Bg7 8.Bg2 O-O
9.O-O Re8 10.Nd2 b6 11.h3 Ba6 12.Re1 b5 13.a3 Nbd7 14.e4 c4 15.Nf3 Nc5 16.e5
dxe5 17.Nxe5 Nb3 18.Rb1 Nxc1 19.Rxc1 Qb6 20.Nc6 Rxe1+ 21.Qxe1 Re8 22.Qd2 Bb7
23.Re1 a5 24.Rxe8+ Nxe8 25.d6 Bxc6 26.Bxc6 Qxc6 27.d7 Bf6 28.Qd5 {#r} 1-0

[Event "It \"]
[Site "masterchessopen.com - Chicago (USA)"]
[Round "0"]
[White "Cohen Jason B (USA)"]
[Black "Gelman Charles L (USA)"]
[Result "0-1"]
[WhiteElo "2209"]
[BlackElo "2277"]

1.d4 Nf6 2.c4 e6 3.Nc3 c5 4.d5 exd5 5.cxd5 d6 6.Nf3 g6 7.g3 Bg7 8.Bg2 O-O
9.O-O Re8 10.Re1 a6 11.a4 Ne4 12.Nxe4 Rxe4 13.Qc2 Bf5 14.Ng5 Rb4 15.e4 Bg4
16.Ra2 a5 17.Bd2 Rb6 18.h4 h6 19.Nf3 Bxf3 20.Bxf3 Nd7 21.Bc3 Bxc3 22.bxc3 Qf6
23.Bg2 c4 24.Rb2 Rxb2 25.Qxb2 Nc5 26.Bf1 Nxa4 27.Qxb7 Rd8 28.Qc7 Nc5 29.e5 Na6
30.Qb6 {#R} 0-1

[Event "It (open)"]
[Site "masterchessopen.com - Copenhagen (Denmark)"]
[Round "4"]
[White "Henrichsen Jens (DEN)"]
[Black "Auchenberg Per (DEN)"]
[Result "0-1"]
[WhiteElo "2150"]
[BlackElo "2133"]

1.d4 Nf6 2.c4 e6 3.g3 c5 4.d5 exd5 5.cxd5 d6 6.Bg2 g6 7.Nc3 Bg7 8.Nf3 O-O
9.O-O Na6 10.Nd2 Nc7 11.a4 b6 12.Nc4 Ba6 13.Qb3 Re8 14.e4 Rb8 15.Bf4 Bxc4
16.Qxc4 a6 17.Qd3 b5 18.axb5 axb5 19.Rfe1 b4 20.Na4 Ng4 21.Qc2 Bd4 22.Re2 Nb5
23.h3 Ne5 24.Rae1 g5 25.Bxe5 Bxe5 26.Rd2 Nd4 27.Qd1 Ra8 28.b3 Nb5 29.Rc2 Nd4
30.Rd2 Re7 31.Ra2 Rea7 32.Qd3 Qe8 33.Rf1 Nxb3 34.Qxb3 Rxa4 35.Rxa4 Rxa4 {#R}
0-1

[Event "Czech League 1994/95 (1st)"]
[Site "masterchessopen.com - Czech Republic"]
[Round "2"]
[White "Krupkova Petra (CZE)"]
[Black "Hacha Ales (CZE)"]
[Result "1-0"]
[WhiteElo "2235"]
[BlackElo "2105"]

1.d4 Nf6 2.c4 e6 3.Nf3 c5 4.d5 exd5 5.cxd5 d6 6.Nc3 g6 7.g3 Bg7 8.Bg2 O-O
9.O-O a6 10.a4 Nbd7 11.Bf4 Qc7 12.Qd2 Re8 13.Rfc1 b6 14.Rab1 Rb8 15.b4 Nh5
16.Bh6 Bh8 17.b5 a5 18.h3 Ne5 19.Nxe5 Rxe5 20.e4 f5 21.Re1 fxe4 22.Nxe4 Bf5
23.g4 Bxe4 24.Bxe4 Nf6 25.Bg2 Rbe8 26.Bf4 Rxe1+ 27.Rxe1 Qd7 28.Rxe8+ Nxe8
29.Qe2 Bd4 30.Bf3 Kf7 31.Kg2 Qe7 32.Qd2 Nf6 33.Bg3 Ne4 34.Qf4+ Nf6 35.g5 {#r}
1-0

[Event "Bundesliga (2nd) South 1993/94"]
[Site "masterchessopen.com - Germany"]
[Round "0"]
[White "Meier Thomas (GER)"]
[Black "Meissner Bernd-Guenther (GER)"]
[Result "0-1"]
[WhiteElo "2224"]
[BlackElo "2385"]

1.d4 Nf6 2.c4 c5 3.d5 e6 4.Nc3 exd5 5.cxd5 d6 6.g3 g6 7.Bg2 Bg7 8.Nf3 O-O
9.O-O Na6 10.Nd2 Nc7 11.Nc4 Nfe8 12.a4 b6 13.Qc2 Ba6 14.b3 f5 15.Bf4 Rb8
16.Rad1 Qf6 17.Rc1 b5 18.axb5 Nxb5 19.Nxb5 Bxb5 20.h4 Bxc4 21.bxc4 Rb2 22.Qa4
Qe7 23.Bf3 h6 24.Rb1 Rxb1 25.Rxb1 g5 26.hxg5 hxg5 27.Be3 f4 28.gxf4 gxf4
29.Bc1 Bd4 30.Qd1 Qh4 31.e3 fxe3 32.Bxe3 Bxe3 33.fxe3 Qg3+ 34.Bg2 Rf2 35.Qg4+
Qxg4 36.Kxf2 {#R} 0-1

[Event "It (open)"]
[Site "masterchessopen.com - Ljubljana (Slovenia)"]
[Round "0"]
[White "Banic Stanko (SLO)"]
[Black "Krmelj Natasa (SLO)"]
[Result "0-1"]
[WhiteElo "1985"]
[BlackElo "2075"]

1.d4 Nf6 2.c4 e6 3.Nc3 c5 4.d5 exd5 5.cxd5 d6 6.Nf3 g6 7.g3 Bg7 8.Bg2 O-O
9.O-O Re8 10.Re1 Bf5 11.Nd2 Qd7 12.Qb3 Na6 13.e4 Bh3 14.a3 Bxg2 15.Kxg2 Ng4
16.Nc4 Bd4 17.f3 Nf2 18.g4 Nxg4 19.Bf4 Nf2 20.Be3 Nd3 21.Red1 Bxe3 22.Nxe3
Nf4+ 23.Kg1 Qh3 24.Rf1 b6 25.Ng4 Qg2# 0-1

[Event "It (open)"]
[Site "masterchessopen.com - Ljubljana (Slovenia)"]
[Round "0"]
[White "Djurkovic Maks (SLO)"]
[Black "Prudnikova Svetlana (SRB)"]
[Result "0-1"]
[WhiteElo "2150"]
[BlackElo "2349"]

1.d4 Nf6 2.Nf3 e6 3.c4 c5 4.d5 exd5 5.cxd5 d6 6.Nc3 g6 7.g3 Bg7 8.Bg2 O-O
9.O-O a6 10.a4 Nbd7 11.Bf4 Qe7 12.a5 Rb8 13.e4 Ng4 14.Nd2 Nge5 15.Qc2 b5
16.axb6 Nxb6 17.Ra2 g5 18.Bxe5 Bxe5 19.Rfa1 f5 20.Bh3 g4 21.Bf1 f4 22.Nb3 Qg5
23.Na5 fxg3 24.hxg3 Bxg3 25.Nd1 Bf4 26.Nc6 Qh4 27.Bg2 Rb7 28.Rxa6 g3 29.Kf1
gxf2 30.R6a3 {#R} 0-1

[Event "It (open) \"]
[Site "masterchessopen.com - Long Beach (USA)"]
[Round "0"]
[White "Kaidanov Gregory S (USA)"]
[Black "Moulin Pierre (BEL)"]
[Result "1-0"]
[WhiteElo "2645"]
[BlackElo "2300"]

1.d4 Nf6 2.c4 e6 3.g3 c5 4.d5 exd5 5.cxd5 g6 6.Nc3 Bg7 7.Bg2 O-O 8.Nf3 d6
9.O-O a6 10.a4 Re8 11.Bf4 Qc7 12.Rc1 Nh5 13.Bd2 b5 14.axb5 axb5 15.Nxb5 Qb6
16.Nc3 Na6 17.Re1 Rb8 18.e4 Nb4 19.Na4 Qa7 20.Re3 Nf6 21.Ra3 Qe7 22.e5 dxe5
23.Nxc5 Nfxd5 24.Rb3 e4 25.Ng5 f5 26.Nh3 Rb5 27.Na4 Ra5 28.Bf1 Nd3 29.Bxd3
exd3 30.Rxd3 Rb5 31.Rb3 Nb4 32.Re3 Re5 33.Rxe5 Bxe5 34.Qb3+ Qf7 35.Qxf7+ {#r}
1-0

[Event "Ch Great Britain"]
[Site "masterchessopen.com - Norwich (England)"]
[Round "0"]
[White "Summerscale Aaron (ENG)"]
[Black "Martin Andrew D (ENG)"]
[Result "1-0"]
[WhiteElo "2440"]
[BlackElo "2420"]

1.d4 Nf6 2.c4 c5 3.d5 e6 4.Nc3 exd5 5.cxd5 d6 6.Nf3 g6 7.g3 Bg7 8.Bg2 O-O
9.O-O Na6 10.Nd2 Bd7 11.Nc4 b5 12.Nxd6 Qb6 13.Nde4 Nxe4 14.Nxe4 Rfe8 15.Re1
Rad8 16.a4 f5 17.a5 Qb8 18.Bf4 Qa8 19.Nd6 Bxb2 20.Nxe8 Bxa1 21.Qxa1 Bxe8
22.Qf6 {#r} 1-0

[Event "Ch Czech Chess Union (open)"]
[Site "masterchessopen.com - Prague (Czech Republic)"]
[Round "3"]
[White "Cech Pavel (CZE)"]
[Black "Stodola Jaroslav Sr (CZE)"]
[Result "1-0"]
[WhiteElo "2385"]
[BlackElo "2205"]

1.d4 Nf6 2.c4 c5 3.d5 e6 4.Nc3 exd5 5.cxd5 d6 6.Nf3 g6 7.g3 Bg7 8.Bg2 O-O
9.O-O a6 10.a4 Re8 11.Bf4 Ne4 12.Nxe4 Rxe4 13.Nd2 Rxf4 14.gxf4 Bxb2 15.Rb1 Bg7
16.Nc4 b5 17.axb5 axb5 18.Rxb5 Ba6 19.Qa4 Bxb5 20.Qxa8 Bc3 21.Rc1 Bb4 22.e4
Qc7 23.e5 Bxc4 24.Rxc4 Kg7 25.e6 {#r} 1-0

[Event "It (open)"]
[Site "masterchessopen.com - Seattle (USA)"]
[Round "1"]
[White "Orlov Georgi (USA)"]
[Black "Arganian David (USA)"]
[Result "1-0"]
[WhiteElo "2510"]
[BlackElo "2088"]

1.d4 Nf6 2.c4 e6 3.g3 c5 4.d5 exd5 5.cxd5 d6 6.Nc3 g6 7.Bg2 Bg7 8.Nf3 O-O
9.O-O Na6 10.Bf4 Nc7 11.e4 b5 12.e5 dxe5 13.Nxe5 Bb7 14.Nc6 Qd7 15.Bxc7 Qxc7
16.Nxb5 Qd7 17.a4 Ne8 18.Re1 Bf6 19.Qf3 Kg7 20.Qa3 a6 21.Nc3 Qd6 22.Ne4 {#r}
1-0

[Event "It (w)"]
[Site "masterchessopen.com - Timishoara (Romania)"]
[Round "11"]
[White "Shumiakina Tatiana (RUS)"]
[Black "Peptan Corina-Isabela (ROM)"]
[Result "1-0"]
[WhiteElo "2315"]
[BlackElo "2255"]

1.d4 Nf6 2.c4 e6 3.g3 c5 4.d5 exd5 5.cxd5 d6 6.Nc3 g6 7.Bg2 Bg7 8.Nf3 O-O
9.O-O Re8 10.Bf4 Nh5 11.Bg5 Qa5 12.Nd2 f6 13.Be3 f5 14.Nc4 Qa6 15.Qb3 Bxc3
16.Qxc3 b5 17.Nd2 Nd7 18.b4 Bb7 19.a4 bxa4 20.Nc4 cxb4 21.Qxb4 Nc5 22.Nxd6
Qxd6 23.Bxc5 a5 24.Qb5 Qa6 25.Rfb1 Qxb5 26.Rxb5 Ba6 27.Rxa5 Bxe2 28.Rxa8 Rxa8
29.d6 Rb8 30.Bd5+ Kg7 31.Re1 Bb5 32.Rb1 f4 33.Bc4 {#r} 1-0

[Event "It (open)"]
[Site "masterchessopen.com - USA"]
[Round "0"]
[White "Ippolito Dean (USA)"]
[Black "Pelts Peter (USA)"]
[Result "0-1"]
[WhiteElo "2477"]
[BlackElo "2285"]

1.d4 Nf6 2.c4 c5 3.d5 e6 4.Nc3 exd5 5.cxd5 d6 6.g3 g6 7.Nf3 Bg7 8.Bg2 O-O
9.O-O Na6 10.Nd2 Nc7 11.Nc4 Re8 12.a4 b6 13.Nxd6 Qxd6 14.Bf4 Qd7 15.d6 Ne6
16.Bxa8 Nxf4 17.gxf4 Qg4+ 18.Bg2 Bb7 19.e4 Qxf4 20.Ne2 Qh4 21.f3 Nd7 22.Qd2
Bh6 23.Qc3 Ba6 24.Rf2 Bg7 25.Qd2 Ne5 26.Bf1 Nd3 27.Rg2 Rd8 28.Nf4 Ne5 29.Kh1
Bxf1 30.Rxf1 Bh6 31.Nxg6 hxg6 32.Qd5 Bf4 33.Qb7 Rxd6 34.Qxa7 Nxf3 35.e5 Nxh2
36.Rxf4 Rd1+ 37.Rg1 Nf3+ 38.Kg2 Rxg1+ {#R} 0-1

[Event "It (open)"]
[Site "masterchessopen.com - Warsaw (Poland)"]
[Round "3"]
[White "Urban Klaudiusz (POL)"]
[Black "Szczepanek Piotr (POL)"]
[Result "1-0"]
[WhiteElo "2440"]
[BlackElo "2202"]

1.d4 Nf6 2.c4 c5 3.d5 e6 4.Nc3 exd5 5.cxd5 d6 6.Nf3 g6 7.g3 Bg7 8.Bg2 O-O
9.O-O Na6 10.Nd2 Nc7 11.Nc4 Nfe8 12.a4 b6 13.Qd2 Qd7 14.Rb1 Ba6 15.b3 Rb8
16.Bb2 f5 17.Rfe1 Nf6 18.e4 Bxc4 19.bxc4 Ng4 20.exf5 gxf5 21.Ne2 Ne5 22.Qc2
Na6 23.Nf4 Nb4 24.Qb3 Rbe8 25.Ne6 Rxe6 26.dxe6 Qxe6 27.Bc3 Qg6 28.Bxb4 cxb4
29.Rbd1 f4 30.c5+ Kh8 31.cxd6 fxg3 32.hxg3 Rd8 33.Rd5 Qe6 34.Qxb4 a5 35.Qe4
{#r} 1-0

[Event "Ch Argentina (juniors) (under 18)"]
[Site "masterchessopen.com - Argentina"]
[Round "0"]
[White "Pereyra Arcija Diego (ARG)"]
[Black "Fucek Claudio (ARG)"]
[Result "1-0"]
[WhiteElo "2290"]
[BlackElo "2240"]

1.d4 Nf6 2.Nf3 c5 3.d5 e6 4.c4 exd5 5.cxd5 d6 6.Nc3 g6 7.g3 Bg7 8.Bg2 O-O
9.O-O a6 10.a4 Nbd7 11.Bf4 Qe7 12.h3 Rb8 13.Rc1 h6 14.e4 g5 15.Be3 Nxe4
16.Nxe4 Qxe4 17.Nxg5 Qg6 18.Nf3 b5 19.axb5 Rxb5 20.Nh4 Qf6 21.Rc4 Rb4 22.Bd4
Qg5 23.Rxb4 cxb4 24.Bxg7 Qxg7 25.Qd2 Nc5 26.Qxb4 Qf6 27.Rd1 Re8 28.Qd2 a5
29.Re1 Rf8 30.Re3 a4 31.Rf3 Qg5 32.Rf4 Re8 33.Nf3 Qg6 34.Kh2 Be6 35.Rg4 {#r}
1-0

[Event "It (open) \"]
[Site "masterchessopen.com - Berlin (Germany)"]
[Round "2"]
[White "Gleizerov Evgeny (RUS)"]
[Black "Schulz Michael (GER)"]
[Result "1-0"]
[WhiteElo "2540"]
[BlackElo "2204"]

1.d4 Nf6 2.c4 c5 3.d5 e6 4.Nc3 exd5 5.cxd5 d6 6.Nf3 g6 7.g3 Bg7 8.Bg2 O-O
9.O-O Na6 10.Nd2 Nc7 11.Nc4 Nfe8 12.a4 b6 13.Qc2 Ba6 14.b3 f5 15.Bb2 Nf6
16.Rad1 Qd7 17.Rfe1 Ng4 18.h3 Bxc4 19.hxg4 Ba6 20.gxf5 gxf5 21.e3 Qf7 22.Ne2
Bxe2 23.Qxe2 Rae8 24.Bf3 Bxb2 25.Qxb2 Re5 26.Kg2 Qg7 27.Qc1 Ne8 28.Rh1 Nf6
29.Rh4 Qe7 30.Rdh1 Rf7 31.Qc4 Rg7 32.Qa6 Qd8 33.Rh6 Kh8 34.Qc4 Ne4 35.R1h5 Nf6
36.Qh4 {#r} 1-0

[Event "It (open)"]
[Site "masterchessopen.com - Gausdal (Norway)"]
[Round "2"]
[White "Elsness Frode (NOR)"]
[Black "Emms John M (ENG)"]
[Result "0-1"]
[WhiteElo "2300"]
[BlackElo "2485"]

1.d4 Nf6 2.c4 e6 3.Nf3 c5 4.d5 d6 5.Nc3 exd5 6.cxd5 g6 7.g3 Bg7 8.Bg2 O-O
9.O-O Re8 10.Re1 a6 11.a4 Nbd7 12.e4 c4 13.Bf1 Qc7 14.Qd4 Nc5 15.Qxc4 Bg4
16.Bg2 Nfd7 17.Bf4 Nb6 18.Qf1 Bxc3 19.bxc3 Nxe4 20.h3 Bd7 21.Qd3 Nc5 22.Qb1
Rxe1+ 23.Nxe1 Ncxa4 24.Qa2 Re8 25.Rc1 Bb5 26.Qd2 Nc5 27.Bh6 Nb3 28.Qf4 Nxc1
29.Qxc1 Bc4 30.Qd2 Re2 31.Qd1 Qc5 32.Be3 Rxe3 {#R} 0-1

[Event "Match \"]
[Site "masterchessopen.com - Kiskunhalas (Hungary)"]
[Round "0"]
[White "Raceanu Valentin (ROM)"]
[Black "Berkes Ferenc (HUN)"]
[Result "1-0"]
[WhiteElo "2417"]
[BlackElo "2706"]

1.d4 Nf6 2.c4 c5 3.d5 e6 4.Nc3 exd5 5.cxd5 d6 6.Nf3 g6 7.g3 Bg7 8.Bg2 O-O
9.O-O Re8 10.Re1 Na6 11.e4 Nc7 12.a4 Bd7 13.Bf4 Bg4 14.h3 Bxf3 15.Bxf3 Qd7
16.Kg2 b6 17.Qd3 a6 18.e5 Nh5 19.Bxh5 dxe5 20.Bf3 exf4 21.g4 Rad8 22.Rxe8+
Qxe8 23.Rd1 Bxc3 24.Qxc3 Qxa4 25.Qf6 Rd7 26.Qxb6 Qb5 27.Qf6 h6 28.Re1 Qb8
29.Re7 Rxe7 30.Qxe7 Nb5 31.Qxc5 Qd6 32.b4 Qd8 33.Be2 Nc7 34.Bc4 Qd7 35.Qc6 Qd8
36.d6 Na8 37.d7 Nb6 38.Qxg6+ {#r} 1-0

[Event "It (open)"]
[Site "masterchessopen.com - Partida"]
[Round "0"]
[White "Bonfim Regina Rodrigues (BRA)"]
[Black "Ratcu Tatiana (BRA)"]
[Result "0-1"]
[WhiteElo "2157"]
[BlackElo "2080"]

1.d4 Nf6 2.c4 c5 3.d5 e6 4.Nc3 exd5 5.cxd5 d6 6.g3 g6 7.Bg2 Bg7 8.Nf3 O-O
9.O-O Na6 10.e4 Re8 11.Re1 Nc7 12.Qb3 b5 13.a3 Rb8 14.Bg5 h6 15.Bxf6 Bxf6
16.Rad1 Bd7 17.Qc2 b4 18.Na4 b3 19.Qc4 Bb5 20.Qxb3 Be2 21.Qc2 Bxd1 22.Rxd1 Qd7
23.Nd2 Nb5 24.Bf1 Rb7 25.Rb1 Reb8 26.Nc4 Nd4 27.Qd1 Rb3 28.Nc3 Nf3+ 29.Qxf3
Bxc3 30.Qe2 Qe7 31.f4 Bd4+ 32.Kh1 Re8 33.Bg2 Qf6 34.Na5 Rxb2 35.Rxb2 Bxb2
36.Nc6 Qc3 37.a4 Qc1+ 38.Bf1 {#R} 0-1

[Event "Ch Czech Chess Union (open)"]
[Site "masterchessopen.com - Prague (Czech Republic)"]
[Round "7"]
[White "Chloupek Stanislav (CZE)"]
[Black "Kansky Pavel (CZE)"]
[Result "1-0"]
[WhiteElo "2305"]
[BlackElo "2108"]

1.d4 Nf6 2.c4 e6 3.g3 c5 4.d5 exd5 5.cxd5 d6 6.Nc3 g6 7.Nf3 Bg7 8.Bg2 O-O
9.O-O Na6 10.Nd2 Nc7 11.Nc4 Qe7 12.Bf4 Rd8 13.a4 Ng4 14.Nb5 Nxb5 15.axb5 g5
16.Bd2 Bd7 17.Qb3 Ne5 18.Na5 Rdb8 19.h3 h6 20.Bc3 Qe8 21.f4 gxf4 22.gxf4 Ng6
23.Bxg7 Kxg7 24.Nc4 Qe7 25.f5 {#r} 1-0

[Event "Ch Czech Chess Union (open)"]
[Site "masterchessopen.com - Prague (Czech Republic)"]
[Round "5"]
[White "Svoboda Milos (CZE)"]
[Black "Meduna Eduard (CZE)"]
[Result "0-1"]
[WhiteElo "2198"]
[BlackElo "2445"]

1.d4 Nf6 2.g3 c5 3.d5 e6 4.c4 exd5 5.cxd5 d6 6.Nc3 g6 7.Bg2 Bg7 8.Nf3 O-O
9.O-O a6 10.a4 Nbd7 11.e4 Rb8 12.Bg5 h6 13.Bf4 Ne8 14.Qe2 Qe7 15.Rfe1 g5
16.Bc1 Nc7 17.h3 Re8 18.Be3 b5 19.axb5 Nxb5 20.Nxb5 Rxb5 21.Bc1 Rb4 22.Nh2 f5
23.Ra3 fxe4 24.Re3 Nf6 25.Bd2 Rxb2 26.Bxe4 Nxe4 27.Nf1 Bxh3 28.Qh5 Bf5 29.f3
Qf7 30.Qxf7+ Kxf7 31.fxe4 Bd4 32.exf5 Rxd2 33.g4 Rxe3 34.Nxe3 Rd3 35.Kf2 Rxe3
{#R} 0-1

[Event "It (open)"]
[Site "masterchessopen.com - Toronto (Canada)"]
[Round "4"]
[White "Ristovic Nenad (CAN)"]
[Black "Teodoro Eduardo (CAN)"]
[Result "1-0"]
[WhiteElo "2300"]
[BlackElo "2220"]

1.d4 Nf6 2.c4 e6 3.Nc3 c5 4.d5 d6 5.Nf3 exd5 6.cxd5 g6 7.g3 Bg7 8.Bg2 O-O
9.O-O Na6 10.Nd2 Nc7 11.a4 b6 12.Nc4 Ba6 13.Na3 Re8 14.Re1 Ng4 15.h3 Ne5
16.Bf4 Qd7 17.Qc2 Re7 18.Bg5 f6 19.Be3 Rae8 20.Rab1 Nf7 21.b4 f5 22.b5 Bb7
23.Red1 Rxe3 24.fxe3 Rxe3 25.Rd3 Qe7 26.Nc4 Rxd3 27.exd3 Qf6 28.Re1 Kf8 29.Ne2
Nxd5 30.Bxd5 Bxd5 31.Nf4 Ng5 32.Nxd5 Nf3+ 33.Kf2 Nxe1 34.Kxe1 Qe5+ 35.Nxe5
{#r} 1-0

[Event "It (open)"]
[Site "masterchessopen.com - La Salle (Spain)"]
[Round "3"]
[White "Adla Diego (ARG)"]
[Black "Gomez Luesia Jesus (ESP)"]
[Result "1-0"]
[WhiteElo "2440"]
[BlackElo "2166"]

1.d4 Nf6 2.c4 e6 3.g3 c5 4.d5 exd5 5.cxd5 d6 6.Bg2 g6 7.Nc3 Bg7 8.Nf3 O-O
9.O-O Na6 10.Nd2 Nc7 11.Nc4 Nce8 12.a4 b6 13.Qc2 Ba6 14.b3 Nd7 15.Bb2 Ne5
16.Nd1 Qe7 17.e4 f5 18.exf5 Nxc4 19.bxc4 Bxb2 20.Nxb2 Rxf5 21.Rae1 Qg7 22.f4
Qd4+ 23.Kh1 Ng7 24.Re4 Qf6 25.g4 {#r} 1-0

[Event "It (open)"]
[Site "masterchessopen.com - Balatonbereny (Hungary)"]
[Round "9"]
[White "Kiss Attila (HUN)"]
[Black "Turcan Milan (SVK)"]
[Result "1-0"]
[WhiteElo "2435"]
[BlackElo "2110"]

1.d4 Nf6 2.c4 c5 3.d5 d6 4.Nc3 g6 5.g3 e6 6.Bg2 exd5 7.cxd5 Bg7 8.Nf3 O-O
9.O-O Re8 10.Bf4 a6 11.a4 Nh5 12.Bg5 Qc7 13.Qd2 Nd7 14.Bh6 Bh8 15.Rac1 Rb8
16.h3 b5 17.b4 c4 18.axb5 axb5 19.g4 Nhf6 20.Nd4 Ba6 21.Nc6 Ra8 22.Ra1 Nb6
23.Ra5 Na4 24.Nxb5 Bxb5 25.Rxb5 Ne4 26.Bxe4 Rxe4 27.Ra5 Rxa5 28.bxa5 Nc3 29.e3
Qc8 30.f3 Re8 31.Rc1 Nb5 32.Rxc4 Qa6 33.Qb4 Na3 34.Ne7+ Rxe7 35.Qb8+ {#r} 1-0